1998 yılı sektörler itibariyle ankete dayalı ekonomik durum analizi (Record no. 10451)

MARC details
000 -BAŞLIK
Sabit Uzunlukta Kontrol Alanı 00746na a2200229 4500
001 - KONTROL NUMARASI
Denetim Alanı 23597
003 - KONTROL NUMARASI IDENTIFIER
Denetim Alanı MIRAKIL
005 - SON İŞLEM TARİHİ VE ZAMANI
Denetim Alanı 20181213155322.0
008 - SABİT-BOY VERİ ELEMANLARI - GENEL BİLGİLER
Sabit Uzunlukta Kontrol Alanı 180109b tu 000 0
022 ## - ULUSLARARASI STANDART SERİ NUMARASI
Uluslararası Standart Süreli Yayın Numarası 13022946
040 ## - KATALOGLAMA KAYNAK
Orijinal Kataloglama Ajansı Milas
Kataloglama Dili tur
Metne Dönüştürmek Ajansı TR-AnCHP
041 ## - DİL KODU
Metin / Ses Parça Veya Ayrı Başlığın Dil Kodu tur
082 ## - DEWEY ONLU SINIFLANDIRMA NUMARASI
Sınıflandırma Numarası 330.9561
Ürün Numarası B55 1999
090 ## - SINIFLAMA NUMARASI
Sınıflama Numarası 330.9561 B55 1999
110 ## - ANA GİRİŞ - KURUMSAL ADI
Giriş Elemanı Olarak Kurumsal Ad Veya Yargı Alanı Adı İstanbul Ticaret Odası (İTO)
245 ## - BAŞLIK TABLOSU
Başlık 1998 yılı sektörler itibariyle ankete dayalı ekonomik durum analizi
Sorumluluk Tablosu, Vb İstanbul Ticaret Odası (İTO)
260 ## - YAYIN, DAĞITIM, VB
Yayın, Dağıtım, Vb Yeri İstanbul
Yayıncı, Dağıtıcı, Vs Adı İstanbul Ticaret Odası (İTO)
Yayın, Dağıtım, Vb Tarihi 1999
300 ## - FİZİKSEL TANIM
Kapsam 130 s.
Diğer Fiziksel Ayrıntıları tbl. , grf. , şkl.
Boyutlar 30 sm.
440 ## - SERİSİ TABLOSU / KATMA GİRİŞİ - BAŞLIK
Başlık İstanbul Ticaret Odası
Hacim / Ardışık Tanımı yayın no: 1999-18
650 ## - KONU KATMA GİRİŞ - TOPİKAL DÖNEM
Topikal Süreli Veya Coğrafi Ad Giriş Elemanı Türkiye
Genel Alt Bölümü Ekonomik durum
Kronolojik Alt Bölümü 1999
942 ## - EKLENDİ GİRİŞ ELEMANLARI (KOHA)
Sınıflandırma Veya Raf Düzeni Kaynak Dewey Decimal Classification
Koha Öğesi Türü Books
999 ## - SİSTEM KONTROL NUMARALARI (KOHA)
Koha Biblionumber 10451
Koha Biblioitemnumber 10451
Holdings
Kalıcı Konum Mevcut Konum Edinme Tarihi Edinim Kaynak Toplam Check-Out'Lar Tam Çağrı Numarası Barkod Tarih Son Görülme İtibaren Geçerli Fiyatlar Koha Öğesi Türü
CHP Kütüphanesi CHP Kütüphanesi 11/06/2017 Bağış   330.9561 B55 1999 017581 11/06/2017 11/06/2017 Books